Bases moleculares de la evolución
Saved in:
| Hovedforfatter: | |
|---|---|
| Format: | Bog |
| Sprog: | spansk |
| Udgivet: |
Buenos Aires
EUDEBA
1963
|
| Serier: | Temas de EUDEBA. Biología
|
| Fag: | |
| Tags: |
Tilføj Tag
Ingen Tags, Vær først til at tagge denne postø!
|
MARC
| LEADER | 00000nam a2200000 a 4500 | ||
|---|---|---|---|
| 001 | UCT3568 | ||
| 003 | CL-VaPUC | ||
| 005 | 20230112074244.0 | ||
| 008 | 961024e19630000AG |||||||||||||||||spa|d | ||
| 999 | |c 253172 |d 253170 | ||
| 040 | |c Pontificia Universidad Católica de Valparaíso | ||
| 082 | 0 | 4 | |a 575 ANF 1963 |2 21 |
| 100 | 0 | |a Anfinsen, Christian B |9 372510 | |
| 245 | 1 | 0 | |a Bases moleculares de la evolución |
| 260 | |a Buenos Aires |b EUDEBA |c 1963 | ||
| 300 | |a 190 páginas | ||
| 490 | 0 | |a Temas de EUDEBA. Biología | |
| 583 | |a last modification |c 19961024 00:00:00 |k Rodrigo Vera | ||
| 650 | 0 | |a Evolución |9 259442 | |
| 650 | 0 | |a Genética |9 259443 | |
| 650 | 0 | |a Adaptación biológica |9 337262 | |
| 650 | 7 | |a FENOMENOS BIOLOGICOS |2 CL-VaPUC |9 357344 | |
| 942 | |c BK |2 ddc | ||
| 945 | |d 19961024 00:00:00 |a paguirre | ||
| 952 | |0 0 |1 0 |2 ddc |4 0 |6 575_000000000000000_ANF_1963 |7 0 |8 A |9 273807 |a BIBCUR |b BIBCUR |d 2019-11-19 |i 1779176 |o 575 ANF 1963 |p 1779176 |r 2025-04-22 |t 1 |w 2019-11-19 |y BK |k BIO | ||